000 00503nam a2200157 i 4500
001 70734
003 ES-MaACL
005 20230906170914.0
007 t|
008 040802s1973 sp ||||1| spa d
100 1 _aGarmendia Larrañaga, Juan.
_955588
245 1 0 _aIñauteria
_b: el caravanal vasco /
_cJuan Garmendia Larrañaga.
260 _aSan Sebastián :
_bSociedad Guipuzcoana de Ediciones y Publicaciones,
_c[1973]
300 _a395 p. :
_bil. ;
_c21 cm.
852 _aES-MaACL
_jC-52491
_bR.85373
999 _c70734
_d70734